Výkonnosť podniku - "tradičné" a "moderné" poňatie diplomová práca

Enregistré dans:
Détails bibliographiques
Auteur principal: Botková, Henrieta
Collectivité auteur: Fakulta podnikového manažmentu EU. Katedra podnikových financií
Autres auteurs: Tučníková, Daniela
Format: Livre
Langue:slovaque
Publié: Bratislava 2016
Tags: Ajouter un tag
Pas de tags, Soyez le premier à ajouter un tag!

MARC

LEADER 00000nbm a2200000 4500
001 0218331
005 20170220100320.7
041 0 |a slo 
044 |a SK 
245 1 0 |a Výkonnosť podniku - "tradičné" a "moderné" poňatie  |b diplomová práca  |c Henrieta Botková ; školiteľ: Daniela Tučníková 
264 1 |a Bratislava  |c 2016 
300 |a 83 s. 
100 1 |a Botková, Henrieta 
700 1 |a Tučníková, Daniela 
710 2 |a Fakulta podnikového manažmentu EU. Katedra podnikových financií